000 01011cam a2200289 a 4500
001 1479229
003 OSt
005 20211224100331.0
008 871120s1988 enka b 001 0 eng
010 _a 87034124
020 _a0521323118
020 _a0521311527 (pbk.)
040 _aDLC
_cHU
_dDLC
050 0 0 _aPE1106
_b.H76 1988
082 0 0 _a428.2 HUD 1988
_219
100 1 _aHuddleston, Rodney D.
_924856
245 1 0 _aEnglish grammar :
_ban outline /
_cRodney Huddleston.
260 _aCambridge ;
_aNew York :
_bCambridge University Press,
_c1988.
300 _axii, 212 p. :
_bill. ;
_c24 cm.
500 _aIncludes index.
504 _aBibliography: p. 208.
650 0 _aEnglish language
_xGrammar
_xOutlines, syllabi, etc.
_924857
856 4 1 _3Table of contents
_uhttp://www.loc.gov/catdir/toc/cam023/87034124.html
856 4 2 _3Publisher description
_uhttp://www.loc.gov/catdir/description/cam023/87034124.html
906 _a7
_bcbc
_corignew
_d1
_eocip
_f19
_gy-gencatlg
942 _2ddc
_cBOOKS
_n0
999 _c23909
_d23909